000 00352nam a22001337a 4500
020 _a81-7335-398-0
082 _a174
_bBHA/B
100 _aDr.S.K.BHATIA, MEENU RANJAN ARORA
245 _aSARASWATI BUSINESS STUDIES
_bCLASS XII
260 _aDELHI
_bSARASWATI HOUSE PVT LTD
300 _a352
650 _aBUSINESS STUDIES FOR CLASS XII
_zINDIA
942 _cBK
999 _c599
_d599